Quizzes
Events
Quiz Creation
Community
Videos
Private Events
Remove Ads
Sign In
Join for FREE
Feedback
Dark Mode
Quiz Categories
Sports
Geography
Music
Movies
Television
Just For Fun
Miscellaneous
History
Literature
Language
Science
Gaming
Entertainment
Religion
Holiday
For Kids
Quiz Lab
Recent
Popular Today
Quiz Kudos Today
Editor Picks
Curator Picks
Quizzes by...
Day
Popularity
Type
Ratings
Length
Year
Community
Subscriptions
Recent Discussions
Orange Saloon
Badges
Playlists
Quests
Create
Leaderboards
Showdown
Live 5
Trivia Bingo
Activity
Puzzle Library
Sporcle Events
Private Events
Virtual Trivia
Globe League
Become a Host
Pub Owners
SporcleCon
Opinionation
Our Games
Videos
Blog
Mobile Apps
Partnerships
Remove Ads and Go Orange
Feedback
Just For Fun
Clickable
Get the Picture
Humor
Quick Pick
Word Ladder
Missing Word
Mixed Word
Blitz
Minefield
This or That
Alphabet
Color
Typing
Sporcle
Puzzle
Word Play
Follow That Line
Logic
Just For Fun
Clickable
Get the Picture
Humor
Quick Pick
Word Ladder
Missing Word
Mixed Word
Blitz
Minefield
This or That
Alphabet
Color
Typing
Sporcle
Puzzle
Word Play
Follow That Line
Logic
Random Quiz
Search Sporcle
×
Quiz Lab
Quiz Lab
Just For Fun
Blitz
Type in answers that appear in a list
Type in answers that appear in a list
Classic
Best Score? Go Orange.
Hmm, something's odd here. Stats
Can you name clue that doesn't fit the foursome?
By
jluce121
3m
26 Questions
66 Plays
66 Plays
66 Plays
Comments
Comments
Give Quiz Kudos
Give Quiz Kudos
-
- Ratings
hide this ad
Forced Order
Answers have to be entered in order
Answers have to be entered in order
Wrong Answers
Some wrong answers will appear in red
Some wrong answers will appear in red
Replay
Link that replays current quiz
Next Quiz
Link to next quiz in quiz playlist
You Got
0%
They Got
Avg Score
37%
Avg Friend Score
Upgrade to see
Score Distribution
Jump to the score distribution portion of the page
Score
0/26
Timer
03:00
0
Plays Today
Hint
Answer
% Correct
Candlestick, Wrench, Rope, Rifle
???
75.8%
Emily, Jane, Charlotte, Anne
???
60.6%
Stalin, Truman, Roosevelt, Churchill
???
59.1%
Spanish, German, Italian, French
???
59.1%
Krypton, Argon, Radium, Radon
???
59.1%
Uruguay, Argentina, Spain, Netherlands
???
59.1%
Friends, Will and Grace, Full House, Seinfeld
???
54.5%
Hindu, Judaism, Islam, Christianity
???
54.5%
Bills, Dolphins, Jets, Cowboys
???
47%
Tuvalu, Maldives, Kiribati, Tonga
???
43.9%
Spider-
Man, Silver Surfer, Juggernaut, Thor
???
42.4%
Rook, Prince, Bishop, Knight
???
40.9%
Rick Deckard, Jack Ryan, John Rambo, Indiana Jones
???
37.9%
Hint
Answer
% Correct
Styx, Boston, Cars, Aerosmith
???
31.8%
Veterans Day, New Years Day, Labor Day, (US) Independence Day
???
31.8%
Kingdom, Breed, Genus, Order
???
31.8%
Angola, Canada, United States, Belize
???
30.3%
London, Glasgow, Belfast, Cardiff
???
24.2%
Clerks, Jersey Girl, Chasing Amy, Dogma
???
24.2%
Jetsons, Flintstones, Merrie Melodies, Scooby Doo
???
22.7%
Swans, Geese, Pigeons, Turtle Doves
???
22.7%
Odin, Bacchus, Loki, Freyja
???
18.2%
Two and a Half Men, Mike & Molly, 2 Broke Girls, The Big Bang Theory
???
16.7%
in, to, be, the
???
12.1%
The Rolling Stones, The Animals, Led Zeppelin, Dave Clark Five
???
10.6%
Islands in the Stream, For Whom the Bell Tolls, The Garden of Eden, True at First Light
???
10.6%
Quiz Playlist
Details
Report
Send in Message
Add To Playlist
Classic:
Type in answers that appear in a list
Forced Order:
Answers have to be entered in order
Wrong Answers:
Some wrong answers will appear in red
Last Updated: Feb 16, 2017
Quiz Scoreboard
CHALLENGE
Sign Up to Join the Scoreboard
Show All
Scores
Hide
Comments
May contain spoilers
Recently Published
NBA Finals Game Top Scorers (2010s)
by flibbidy
Sports
5m
Guess the 'R' Things in 3 Words
by MSUKent
Miscellaneous
3m
Actor to Badly Drawn Movie III
by MoMosMoProblems
Movies
5m
More to Explore
Quiz From the Vault
Featured Blog Post
Where Does Lost Luggage Go?
hide this ad
You Might Also Like...
Tags
Blitz Quiz
By Category
Category
group
odd
Odd One Out
Today's Top Quizzes in Just For Fun
Browse Just For Fun
hide this ad
Today's Top Quizzes in Blitz
Browse Blitz
Top Contributed Quizzes in Just For Fun
1
CrossWordLadder XXIII
2
Erkennst du die Lieblingsgerichte der watsons?
3
Quick Pick: Famous Davids
4
Sporcle Events Newsletter Bonus Questions 3/18/24
5
Guess Who in 3 Images
6
CrossWordLadder XXIV
7
CrossWordLadder XLIII
8
CrossWordLadder XXV
9
Trees Logic Puzzle 616
10
Order the Mini Maze II
Explore More
Trending Topics
Harry Potter
Marvel
Disney
NBA
Anime
Kpop
Crossword
Song
The Office
NFL
Country
WWE
Soccer
Pokémon
Puzzle
hide this ad
More By:
jluce121
Quiz
Plays
Rating
Category
Featured
Created
Classic Rock Bunker
208,113
4.47
Music
Jan 29, 2014
Name the Four Top 10 Hits From These 80's Albums
2,700
4.52
Music
Jun 7, 2015
Classic Rock Blitz
2,338
4.86
Music
Aug 14, 2014
These Songs Are Magical
1,885
4.54
Music
Nov 16, 2017
Billboard's 55th Anniversary 100 All Time Top Songs
988
4.36
Music
Apr 4, 2014
Go to Creator's Profile
Score Distribution
Quiz Creator Spotlight
jluce121
Follow
Send a Message
Quizzes Created
-
Created Quiz Play Count
-
More By This Creator
Popular Quizzes Today
1
Find the US States - No Outlines Minefield
2
Find the US States
3
The Countries of the World
4
10 Largest US States in Order
5
Find the Countries of Europe - No Outlines Minefield
6
US States
7
Guess the 'R' Things in 3 Words
8
NBA Finals Game Top Scorers (2010s)
More Just For Fun Quizzes
Get the Picture: Fred or George
Published
Trending Quizzes
First Name TV: Leading Men
Match the Book to the Film II
First Name TV: Leading Women Drama
3-Word Movies in 1 Word II
Match the Book to the Film VI
Recently Updated
Women's Final Four Teams by Year
bhenderson79
Presidents Quartet II
eogle
Anything But Clue(do)
eogle
Anything But Oceanian Capitals
eogle
Anything But 7
eogle
Anything But Thing
eogle
Word Ladder: February 29
pecheneg
Song Title Questions
pecheneg
Women's NCAA Tournament #1 Seeds
pecheneg
Celebrity Mug Shots
pecheneg
Trending Topics
Disney
Kpop
Harry Potter
Crossword
Marvel
NBA
Anime
Pokémon
NFL
WWE
Song
Puzzle
Country
The Office
Soccer
Your Account Isn't Verified!
In order to create a playlist on Sporcle, you need to verify the email address you used during registration. Go to your
Sporcle Settings
to finish the process.
Report this User
Report this user for behavior that violates our
Community Guidelines
.
Details:
Send Report
Go to the Sporcle.com Mobile Site →
Comments